Подходы при сегментации изображений по водоразделам; Научная инициатива иностранных студентов и аспирантов российских вузов; Т. 2

Podrobná bibliografie
Parent link:Научная инициатива иностранных студентов и аспирантов российских вузов: сборник докладов VII Всероссийской научно-практической конференции, Томск, 23-25 апреля 2014 г./ Ассоциация иностранных студентов в России (АИС); Национальный исследовательский Томский политехнический университет (ТПУ), Институт международного образования и языковой коммуникации (ИМОЯК).— , 2014
Т. 2.— 2014.— [С. 144-149]
Hlavní autor: Чан Вьет Минь
Korporativní autor: Национальный исследовательский Томский политехнический университет (ТПУ) Институт кибернетики (ИК) Кафедра автоматики и компьютерных систем (АИКС)
Další autoři: Аметова Э. С. Эвелина Серверовна (научный руководитель)
Shrnutí:Заглавие с титульного экрана
Jazyk:ruština
Vydáno: 2014
Témata:
On-line přístup:http://www.lib.tpu.ru/fulltext/c/2014/C19/V2/027.pdf
Médium: MixedMaterials Elektronický zdroj Kapitola
KOHA link:https://koha.lib.tpu.ru/cgi-bin/koha/opac-detail.pl?biblionumber=611459

MARC

LEADER 00000naa2a2200000 4500
001 611459
005 20231101132646.0
035 |a (RuTPU)RU\TPU\conf\9254 
035 |a RU\TPU\conf\9252 
090 |a 611459 
100 |a 20150324d2014 k y0rusy50 ca 
101 0 |a rus 
102 |a RU 
105 |a y z 101zy 
135 |a drgn ---uucaa 
181 0 |a i  
182 0 |a b 
200 1 |a Подходы при сегментации изображений по водоразделам  |f Чан Вьет Минь  |g науч. рук. Э. С. Аметова 
203 |a Текст  |c электронный 
230 |a 1 компьютерный файл (pdf; 588 Кb) 
300 |a Заглавие с титульного экрана 
320 |a [Библиогр.: с. 149 (3 назв.)] 
337 |a Adobe Reader 
461 1 |0 (RuTPU)RU\TPU\conf\8104  |t Научная инициатива иностранных студентов и аспирантов российских вузов  |o сборник докладов VII Всероссийской научно-практической конференции, Томск, 23-25 апреля 2014 г.  |f Ассоциация иностранных студентов в России (АИС); Национальный исследовательский Томский политехнический университет (ТПУ), Институт международного образования и языковой коммуникации (ИМОЯК)  |o в 3 т.  |d 2014 
463 1 |0 (RuTPU)RU\TPU\conf\8106  |t Т. 2  |v [С. 144-149]  |d 2014 
610 1 |a труды учёных ТПУ 
610 1 |a электронный ресурс 
610 1 |a подходы 
610 1 |a сегментация 
610 1 |a изображения 
610 1 |a водоразделы 
610 1 |a цифровые изображения 
700 0 |a Чан Вьет Минь 
702 1 |a Аметова  |b Э. С.  |c специалист в области автоматики и компьютерных систем  |c программист Томского политехнического университета  |f 1988-  |g Эвелина Серверовна  |2 stltpush  |4 727 
712 0 2 |a Национальный исследовательский Томский политехнический университет (ТПУ)  |b Институт кибернетики (ИК)  |b Кафедра автоматики и компьютерных систем (АИКС)  |h 125  |2 stltpush  |3 (RuTPU)RU\TPU\col\18698 
801 2 |a RU  |b 63413507  |c 20150324  |g RCR 
856 4 |u http://www.lib.tpu.ru/fulltext/c/2014/C19/V2/027.pdf 
942 |c BK